000 00364 a2200145 4500
005 20240925141154.0
008 240306b |||||||| |||| 00| 0 eng d
020 _a9781542032063
041 _aMarathi
100 _aAbhyankar S.
_9106329
245 _aवन अरेन्ज्ड मर्डर
260 _bWestland
_c2020
300 _a326
942 _cBK
999 _c356941
_d356941